书目信息 |
| 题名: |
西花园的颂
|
|
| 作者: | 罗强 主编 | |
| 分册: | ||
| 出版信息: | 上海 文汇出版社 2013 |
|
| 页数: | 305页 | |
| 开本: | 21cm | |
| 丛书名: | ||
| 单 册: | ||
| 中图分类: | G63-53 , G63 | |
| 科图分类: | ||
| 主题词: | 中学教育--zhong xue jiao yu--教育工作--苏州市--文集 | |
| 电子资源: | ||
| ISBN: | 978-7-5496-1020-4 | |
| 000 | 00815nam0 2200241 450 | |
| 001 | 2339691191 | |
| 005 | 20231207090823.36 | |
| 010 | @a978-7-5496-1020-4@dCNY33.00 | |
| 100 | @a20140114d2013 em y0chiy50 ea | |
| 101 | 0 | @achi |
| 102 | @aCN@b310000 | |
| 105 | @ay z 000yy | |
| 200 | 1 | @a西花园的颂@Axi hua yuan de song@d= Reflection on the west garden@f罗强主编@zeng |
| 210 | @a上海@c文汇出版社@d2013 | |
| 215 | @a305页@d21cm | |
| 330 | @a本书主要内容包括: 润物细无声; 师者使人继其志; 投身教育, 闪耀青春; 感悟成长; 青葱三年; 浸润以心, 实践于行等。 | |
| 510 | 1 | @aReflection on the west garden@zeng |
| 606 | 0 | @a中学教育@Azhong xue jiao yu@x教育工作@y苏州市@j文集 |
| 690 | @aG63-53@v5 | |
| 690 | @aG63@v4 | |
| 701 | 0 | @a罗强@Aluo qiang@4主编 |
| 801 | 0 | @aCN@b湖北三新@c20140310 |
| 905 | @aBZT@dG63@e47 | |
| 西花园的颂= Reflection on the west garden/罗强主编.-上海:文汇出版社,2013 |
| 305页;21cm |
| ISBN 978-7-5496-1020-4:CNY33.00 |
| 本书主要内容包括: 润物细无声; 师者使人继其志; 投身教育, 闪耀青春; 感悟成长; 青葱三年; 浸润以心, 实践于行等。 |
| ● |
| 相关链接 |
|
|
|
正题名:西花园的颂
索取号:G63/47
 
预约/预借
| 序号 | 登录号 | 条形码 | 馆藏地/架位号 | 状态 | 备注 |
| 1 | 2001390045 | 2001390045 | 516书库/ [索取号:G63/47] | 在馆 | |
| 2 | 2001390046 | 2001390046 | 516书库/ [索取号:G63/47] | 在馆 | |
| 3 | 2001390047 | 2001390047 | 516书库/ [索取号:G63/47] | 在馆 | |
| 4 | 2001390048 | 2001390048 | 516书库/ [索取号:G63/47] | 在馆 | |
| 5 | 2001390049 | 2001390049 | 516书库/ [索取号:G63/47] | 在馆 | |
| 6 | 2001390050 | 2001390050 | 516书库/ [索取号:G63/47] | 在馆 | |
| 7 | 2001390051 | 2001390051 | 516书库/ [索取号:G63/47] | 在馆 | |
| 8 | 2001390052 | 2001390052 | 516书库/ [索取号:G63/47] | 在馆 | |
| 9 | 2001390053 | 2001390053 | 516书库/ [索取号:G63/47] | 在馆 | |
| 10 | 2001390054 | 2001390054 | 516书库/ [索取号:G63/47] | 在馆 | |
| 11 | 2001390055 | 2001390055 | 516书库/ [索取号:G63/47] | 在馆 | |
| 12 | 2001390056 | 2001390056 | 516书库/ [索取号:G63/47] | 在馆 | |
| 13 | 2001390057 | 2001390057 | 516书库/ [索取号:G63/47] | 在馆 | |
| 14 | 2001390058 | 2001390058 | 516书库/ [索取号:G63/47] | 在馆 |